| 000 | 01411cam a22003011i 4500 | ||
|---|---|---|---|
| 003 | SA-RiAUC | ||
| 005 | 20250417065852.0 | ||
| 008 | 250327s1986 ku g b i000 0 ara c | ||
| 020 | _a9960002616 | ||
| 040 |
_aSA-MaMIU _bara _cSA-RiAUC _erda |
||
| 043 | _aa-su--- | ||
| 050 | 0 | 4 | _bU83. 1986 |
| 082 | 0 | 4 |
_a011.310953124 _qSA-RiAUC |
| 090 |
_a011.310953124 _b ص ي ن |
||
| 100 | 1 |
_aالصيني، عثمان محمود حسين، _d1374 هجري- _eمؤلف. |
|
| 245 | 1 | 0 |
_aفهرس المخطوطات العربية بمكتبة عبد الله بن العباس بمدينة الطائف / _cعثمان محمود حسين ؛ تصدير محيي الدين صابر. |
| 250 | _aالطبعة الأولى. | ||
| 264 | 1 |
_aالكويت : _bالمنظمة العربية للتربية والثقافة والعلوم، _c1986 |
|
| 300 |
_a445 صفحة ؛ _c25 سم |
||
| 336 |
_aنص _btxt _2rdacontent _3كتاب |
||
| 337 |
_aبدون وسيط _bn _2rdamedia |
||
| 338 |
_aمجلد _bnc _2rdacarrier |
||
| 610 | 2 | 7 |
_aمكتبة عبد الله بن العباس (الطائف، السعودية) _xمخطوطات _vفهارس _2aucnm |
| 650 | 7 |
_aالمخطوطات العربية _zالسعودية _zالطائف _vببليوجرافيات _2aucsh |
|
| 700 | 1 |
_aصابر، محيي الدين، _d1919-2003 _eمقدم. |
|
| 942 |
_2ddc _cBOOK _n0 |
||
| 949 |
_aSA-JeALM _d250327 _umohamedma123 _n1 |
||
| 999 |
_c7112 _d7112 |
||